Trendy sociálneho vývoja v Slovenskej republike 2000
Salvato in:
| Natura: | Libro |
|---|---|
| Lingua: | slovacco inglese |
| Pubblicazione: |
Bratislava
Štatistický úrad Slovenskej republiky
2000
|
| Soggetti: | |
| Tags: |
Nessun Tag, puoi essere il primo ad aggiungerne!!
|
MARC
| LEADER | 00000nam a2200000 4500 | ||
|---|---|---|---|
| 001 | c120588 | ||
| 005 | 20260206114312.7 | ||
| 041 | 0 | |a slo | |
| 041 | 0 | |a eng | |
| 044 | |a SK | ||
| 245 | 1 | 0 | |a Trendy sociálneho vývoja v Slovenskej republike 2000 |
| 264 | 1 | |a Bratislava |b Štatistický úrad Slovenskej republiky |c 2000 | |
| 300 | |a 141 s. | ||
| 610 | 2 | 0 | |a Slovensko |
| 610 | 2 | 0 | |a vývoj sociálny |
| 610 | 2 | 0 | |a trh práce |
| 610 | 2 | 0 | |a spotreba |
| 610 | 2 | 0 | |a výstavba bytová |
| 610 | 2 | 0 | |a vzdelávanie |
| 610 | 2 | 0 | |a ochrana sociálna |
| 610 | 2 | 0 | |a 1995-1999 |